书目信息 |
| 题名: |
麻辣白玉堂系列
|
|
| 作者: | 谈歌 著 ;耳菜 点评 | |
| 分册: | 6 血弥途 | |
| 出版信息: | 北京 作家出版社有限公司 2024.08 |
|
| 页数: | 234页 | |
| 开本: | 21cm | |
| 丛书名: | ||
| 单 册: | ||
| 中图分类: | I247.58 | |
| 科图分类: | ||
| 主题词: | 侠义小说--中国--当代 , 长篇小说--中国--当代 | |
| 电子资源: | ||
| ISBN: | 978-7-5212-2980-6 | |
| 000 | 01055nam0 2200253 450 | |
| 001 | 012649723 | |
| 005 | 20251022130849.99 | |
| 010 | @a978-7-5212-2980-6@dCNY42.00 | |
| 100 | @a20240814d2024 em y0chiy0120 ea | |
| 101 | 0 | @achi |
| 102 | @aCN@b110000 | |
| 105 | @ay z 000ay | |
| 106 | @ar | |
| 200 | 1 | @a麻辣白玉堂系列@9ma la bai yu tang xi lie@h6@i血弥途@f谈歌著@g耳菜点评 |
| 210 | @a北京@c作家出版社有限公司@d2024.08 | |
| 215 | @a234页@d21cm | |
| 330 | @a本书讲述了:皇宫薪炭失窃、江湖帮派青龙会被北宋政府招安的帮主区少安请开封府派官兵护送其子赴杭州相亲,两个貌似毫无关联的事件居然牵扯出惊天大案!辽国三皇子耶律晶冒充区少安,故意以送子相亲之名吸引官府注意,并借相亲车队运走丢失的木炭,途中假装车辆被盗,实则把木炭运走,加入硝石、硫磺等制成火药,目的是刺杀宋朝皇帝,进而实现吞并大宋的野心。 | |
| 606 | 0 | @a侠义小说@y中国@z当代 |
| 606 | 0 | @a长篇小说@y中国@z当代 |
| 690 | @aI247.58@v5 | |
| 701 | 0 | @a谈歌@9tan ge@f(1954-)@4著 |
| 702 | 0 | @a耳菜@9er cai@4点评 |
| 801 | 0 | @aCN@c20250909 |
| 905 | @a河南城建学院图书馆@dI247.58@eT088:6@ZT088:6@f1 | |
| 麻辣白玉堂系列.6.血弥途/谈歌著/耳菜点评.-北京:作家出版社有限公司,2024.08 |
| 234页;21cm |
| ISBN 978-7-5212-2980-6:CNY42.00 |
| 本书讲述了:皇宫薪炭失窃、江湖帮派青龙会被北宋政府招安的帮主区少安请开封府派官兵护送其子赴杭州相亲,两个貌似毫无关联的事件居然牵扯出惊天大案!辽国三皇子耶律晶冒充区少安,故意以送子相亲之名吸引官府注意,并借相亲车队运走丢失的木炭,途中假装车辆被盗,实则把木炭运走,加入硝石、硫磺等制成火药,目的是刺杀宋朝皇帝,进而实现吞并大宋的野心。 |
| ● |
| 相关链接 |
|
|
|
正题名:麻辣白玉堂系列
索取号:I247.58/T088:6
 
预约/预借
| 序号 | 登录号 | 条形码 | 馆藏地/架位号 | 状态 | 备注 |
| 1 | 1631828 | 216318287 | 文学库108/108文学库 57排1列1层/ [索取号:I247.58/T088:6] | 在馆 |